Ejercicios espirituales
Sparad:
| Huvudupphovsman: | |
|---|---|
| Materialtyp: | Bok |
| Språk: | spanska |
| Publicerad: |
Madrid
Atlas
1944
|
| Ämnen: | |
| Taggar: |
Lägg till en tagg
Inga taggar, Lägg till första taggen!
|
MARC
| LEADER | 00000cam a2200000 a 4500 | ||
|---|---|---|---|
| 001 | UCG9647 | ||
| 003 | CL-VaPUC | ||
| 008 | 120323e19440000SP |||||||||||||||||spa|d | ||
| 082 | 0 | 4 | |a 248.34 |b IGN |2 21 |
| 100 | |a Ignacio de Loyola, Santo |d 1491-1556 |e author |9 392145 | ||
| 245 | 1 | 0 | |a Ejercicios espirituales |
| 300 | |a 216 p | ||
| 942 | |c BK | ||
| 945 | |d 20120323 00:00:00 |a dcastane | ||
| 260 | |a Madrid |b Atlas |c 1944 | ||
| 600 | 0 | 7 | |a COMPAÑIA DE JESUS |2 CL-VaPUC |9 318179 |
| 650 | 0 | |a Espiritualidad |9 267331 | |
| 650 | 0 | |a Conciencia |9 309452 | |
| 650 | 7 | |a MEDITACION |2 CL-VaPUC |9 313094 | |
| 650 | 0 | |a Jesuitas |9 268366 | |
| 583 | |a last modification |c 20120323 11:52:00 |k Rodrigo Vera | ||
| 999 | |c 347193 |d 347191 | ||
| 952 | |0 0 |1 0 |4 0 |6 248_340000000000000_IGN_1944 |7 0 |8 A |9 448369 |a BIBART |b BIBART |d 2019-11-22 |i 4807006 |o 248.34 IGN 1944 |p 4807006 |r 2025-03-13 |w 2019-11-22 |y BK |k ART | ||